Raghuvaṃśaḥ. (Record no. 61839)

MARC details
000 -LEADER
fixed length control field 00871cam a22002891 4500
001 - CONTROL NUMBER
control field sa 65000964
003 - CONTROL NUMBER IDENTIFIER
control field DLC
005 - DATE AND TIME OF LATEST TRANSACTION
control field 20260227112106.0
008 - FIXED-LENGTH DATA ELEMENTS--GENERAL INFORMATION
fixed length control field 910102m19591964ii 000 0 sano
010 ## - LIBRARY OF CONGRESS CONTROL NUMBER
LC control number sa 65000964
035 ## - SYSTEM CONTROL NUMBER
System control number (OCoLC)22916744
040 ## - CATALOGING SOURCE
Original cataloging agency DLC
Transcribing agency WaU
Modifying agency DLC
042 ## - AUTHENTICATION CODE
Authentication code premarc
050 00 - LIBRARY OF CONGRESS CALL NUMBER
Classification number PK3796
Item number .R2 1959
100 0# - MAIN ENTRY--PERSONAL NAME
Personal name Kālidāsa.
245 10 - TITLE STATEMENT
Title Raghuvaṃśaḥ.
260 ## - PUBLICATION, DISTRIBUTION, ETC.
Date of publication, distribution, etc. 1959-64 [v.1, 1964]
300 ## - PHYSICAL DESCRIPTION
Extent 3 v.
Dimensions 24 cm.
440 #0 - SERIES STATEMENT/ADDED ENTRY--TITLE
Title Sri Ravi Varma Sanskrit series,
Volume/sequential designation 3
500 ## - GENERAL NOTE
General note Vol. 2 has sub editor: D. Damodara Pisharodi.
500 ## - GENERAL NOTE
General note In Sanskrit.
700 2# - ADDED ENTRY--PERSONAL NAME
Personal name Achyutha Poduval, K.
700 2# - ADDED ENTRY--PERSONAL NAME
Personal name Raman Nambiar, C. K.
700 1# - ADDED ENTRY--PERSONAL NAME
Personal name Pisharodi, D. Damodara.
700 0# - ADDED ENTRY--PERSONAL NAME
Personal name Aruṇakirinātar,
Dates associated with a name active 15th century.
Title of a work Prakāśikayā.
700 0# - ADDED ENTRY--PERSONAL NAME
Personal name Nārāyaṇa,
Titles and other words associated with a name son of Nṛisiṃha,
Dates associated with a name active 1356.
Title of a work Padārthadīpikayā.

No items available.

Powered by Koha